[Event "POR-ch"]
[Site "Odivelas"]
[Date "2020.09.13"]
[Round "8"]
[White "Martins, Bruno Andre Leite"]
[Black "Diogo, Vasco Andre Marcalo"]
[Result "1-0"]
[WhiteElo "2248"]
[BlackElo "2207"]
[PlyCount "52"]
[EventDate "2020.09.07"]
[EventType "tourn"]
[EventRounds "9"]
[EventCountry "POR"]
[EventCategory "2"]
[SourceTitle "CBM 198 Extra"]
[Source "ChessBase"]
[SourceDate "2020.11.30"]
[SourceVersion "1"]
[SourceVersionDate "2020.11.30"]
[SourceQuality "1"]

1. d4 Nf6 2. Bf4 g6 3. Nc3 Bg7 4. e4 d6 5. Qd2 c6 6. 0-0-0 b5 7. f3 b4 8. Nce2 Nbd7 9. g4 h6 10. h4 a5 11. Ng3 Nb6 12. g5 hxg5 13. hxg5 Nh5 14. Nxh5 gxh5 15. Nh3 Be6 16. Kb1 Na4 17. Be3 Rb8 18. Ka1 Qb6 19. Nf4 Bxa2 20. Kxa2 b3+ 21. Ka1 Nxb2 22. Rb1 bxc2 23. Qxc2 Bxd4 24. Bxd4 Qxd4 25. Ne2 Qe3 26. Qc3 Qb6 1-0

[Event "POR-chT"]
[Site "Evora"]
[Date "2019.07.21"]
[Round "9.3"]
[White "Dias, Paulo Jorge Guimara"]
[Black "Diogo, Vasco Andre Marcalo"]
[Result "1-0"]
[WhiteElo "2309"]
[BlackElo "2204"]
[PlyCount "133"]
[EventDate "2019.07.15"]
[EventType "team-tourn"]
[EventRounds "9"]
[EventCountry "POR"]
[SourceTitle "CBM 191 Extra"]
[Source "ChessBase"]
[SourceDate "2019.09.30"]
[SourceVersion "1"]
[SourceVersionDate "2019.09.30"]
[SourceQuality "1"]
[WhiteTeam "Montemor o Novo"]
[BlackTeam "Coimbra"]
[WhiteTeamCountry "POR"]
[BlackTeamCountry "POR"]

1. d4 Nf6 2. c4 g6 3. Nf3 Bg7 4. g3 0-0 5. Bg2 d6 6. Nc3 Nbd7 7. 0-0 e5 8. h3 Re8 9. e4 c6 10. Re1 Qb6 11. dxe5 Nxe5 12. Nxe5 dxe5 13. Qc2 Be6 14. Be3 Qc7 15. Bf1 Rad8 16. Rad1 b6 17. Kh2 h5 18. Qa4 Bf8 19. Rxd8 Rxd8 20. Rd1 Rc8 21. Rd2 Be7 22. a3 h4 23. g4 Nh7 24. Qd1 Bg5 25. Qe1 Qe7 26. c5 bxc5 27. Na4 Qf6 28. Nxc5 Bf4+ 29. Bxf4 Qxf4+ 30. Kg2 Ng5 31. Qe3 Bxg4 32. Qxf4 Bxh3+ 33. Kh2 exf4 34. Bxh3 Rb8 35. Bg4 a5 36. Rc2 Rd8 37. Bd7 Nf3+ 38. Kh3 Kg7 39. Bxc6 Rd1 40. e5 Nxe5 41. Bb7 g5 42. Re2 f6 43. Ne6+ Kg6 44. Be4+ f5 45. Bg2 Kf6 46. Nxg5 Rd3+ 47. f3 Nc4 48. Ne6 Rb3 49. Nxf4 Nxb2 50. Kxh4 Nc4 51. Nd5+ Kg6 52. Re6+ Kf7 53. Rf6+ Kg7 54. Rxf5 Rxa3 55. f4 Ra2 56. Rg5+ Kf7 57. Nc3 Rc2 58. Bd5+ Ke7 59. Bxc4 Rxc3 60. Bg8 a4 61. Ra5 a3 62. Kg4 Kf6 63. Ra6+ Kg7 64. Bd5 Re3 65. Kf5 Rd3 66. Ra7+ Kf8 67. Kf6 1-0

[Event "POR-chT2"]
[Site "Maia"]
[Date "2018.07.21"]
[Round "2.1"]
[White "Silva, Miguel Antonio Neto"]
[Black "Diogo, Vasco Andre Marcalo"]
[Result "1-0"]
[WhiteElo "2211"]
[BlackElo "2224"]
[PlyCount "73"]
[EventDate "2018.07.21"]
[EventType "team-tourn"]
[EventRounds "3"]
[EventCountry "POR"]
[SourceTitle "CBM 185 Extra"]
[Source "ChessBase"]
[SourceDate "2018.07.29"]
[SourceVersion "1"]
[SourceVersionDate "2018.07.29"]
[SourceQuality "1"]
[WhiteTeam "Porto A"]
[BlackTeam "Coimbra"]
[WhiteTeamCountry "POR"]
[BlackTeamCountry "POR"]

1. d4 Nf6 2. c4 g6 3. Nc3 Bg7 4. e4 d6 5. Be2 0-0 6. Nf3 e5 7. d5 Nbd7 8. Be3 Nc5 9. Nd2 a5 10. a3 Ne8 11. b4 axb4 12. axb4 Rxa1 13. Qxa1 Na6 14. Qa3 f5 15. 0-0 Nb8 16. f3 f4 17. Ba7 Nd7 18. c5 g5 19. Nc4 h5 20. Qa5 Rf6 21. cxd6 Nxd6 22. Bf2 Bf8 23. Nxd6 Bxd6 24. Nb5 Nf8 25. Rc1 Rf7 26. Nxd6 Qxd6 27. Qa8 Qd7 28. b5 g4 29. b6 c6 30. dxc6 Qd2 31. Re1 g3 32. hxg3 fxg3 33. Bxg3 Rg7 34. Bc4+ Kh7 35. Qxc8 Rxg3 36. Qf5+ Ng6 37. Qd7+ 1-0

[Event "POR-ch"]
[Site "Vila Nova de Gaia"]
[Date "2017.09.20"]
[Round "5"]
[White "Fernandes, Antonio ETG"]
[Black "Diogo, Vasco Andre Marcalo"]
[Result "1-0"]
[WhiteElo "2457"]
[BlackElo "2229"]
[PlyCount "69"]
[EventDate "2017.09.17"]
[EventType "tourn"]
[EventRounds "9"]
[EventCountry "POR"]
[EventCategory "3"]
[SourceTitle "CBM 180 Extra"]
[Source "ChessBase"]
[SourceDate "2017.10.06"]
[SourceVersion "1"]
[SourceVersionDate "2017.10.06"]
[SourceQuality "1"]

1. d4 Nf6 2. Nf3 g6 3. g3 Bg7 4. Bg2 0-0 5. 0-0 d6 6. c4 Nc6 7. Nc3 e5 8. d5 Ne7 9. e4 h6 10. c5 Ne8 11. b4 f5 12. Nd2 f4 13. Nc4 g5 14. g4 Ng6 15. f3 Rf7 16. a4 Bf8 17. c6 bxc6 18. dxc6 Be6 19. Qd3 Nf6 20. Bb2 Qe8 21. b5 Rh7 22. Nd5 Bxd5 23. exd5 Ne7 24. Rfe1 Nfxd5 25. Bf1 Bg7 26. Qb3 Kf8 27. Rad1 Rd8 28. Bd3 Rh8 29. Be4 Nf6 30. Bxe5 dxe5 31. Nxe5 Rd6 32. Rxd6 cxd6 33. Bg6 Nxg6 34. Nxg6+ Qxg6 35. c7 1-0

[Event "POR-ch"]
[Site "Vila Nova de Gaia"]
[Date "2017.09.19"]
[Round "3"]
[White "Diogo, Vasco Andre Marcalo"]
[Black "Rego, Pedro Filipe"]
[Result "1/2-1/2"]
[WhiteElo "2229"]
[BlackElo "2245"]
[PlyCount "112"]
[EventDate "2017.09.17"]
[EventType "tourn"]
[EventRounds "9"]
[EventCountry "POR"]
[EventCategory "3"]
[SourceTitle "CBM 180 Extra"]
[Source "ChessBase"]
[SourceDate "2017.10.06"]
[SourceVersion "1"]
[SourceVersionDate "2017.10.06"]
[SourceQuality "1"]

1. e4 e5 2. Nf3 Nc6 3. d4 exd4 4. Nxd4 Nf6 5. Nxc6 bxc6 6. e5 Qe7 7. Qe2 Nd5 8. c4 Ba6 9. b3 g5 10. g3 Bg7 11. Bb2 0-0-0 12. Bg2 Rhe8 13. 0-0 Bxe5 14. Qxe5 Qxe5 15. Bxe5 Rxe5 16. cxd5 Bxf1 17. Kxf1 cxd5 18. Nc3 c6 19. Rd1 Rde8 20. Bf3 f5 21. h3 Kc7 22. Ne2 Rb8 23. Nc1 Rg8 24. Rd4 Re7 25. Ra4 Kb6 26. Rb4+ Kc7 27. Rd4 d6 28. b4 Rb8 29. Nb3 Re5 30. Na5 h5 31. a3 g4 32. hxg4 hxg4 33. Bg2 Kb6 34. Rd1 Rc8 35. Rc1 c5 36. Rd1 cxb4 37. axb4 Rc2 38. Bxd5 Ree2 39. Nc4+ Kc7 40. Ne3 Rxf2+ 41. Kg1 Rb2 42. Rc1+ Kd7 43. Ra1 Rfe2 44. Ng2 Red2 45. Nf4 Rxb4 46. Rxa7+ Kd8 47. Bg2 Rb1+ 48. Kh2 Ke8 49. Rh7 Re1 50. Rh5 Re5 51. Ng6 Rc5 52. Nh4 f4 53. Rh8+ Kf7 54. gxf4 Kg7 55. Rd8 Rh5 56. Kg3 Rxh4 1/2-1/2

[Event "POR CupT qf  39th"]
[Site "Portugal"]
[Date "2017.07.01"]
[Round "4.4"]
[White "Diogo, Vasco Andre Marcalo"]
[Black "Reis, Luis Sousa"]
[Result "0-1"]
[WhiteElo "2209"]
[BlackElo "2147"]
[PlyCount "92"]
[EventDate "2017.03.11"]
[EventType "team-k.o."]
[EventRounds "6"]
[EventCountry "POR"]
[SourceTitle "EXT 2018"]
[Source "ChessBase"]
[SourceDate "2017.10.13"]
[SourceVersion "1"]
[SourceVersionDate "2017.10.13"]
[SourceQuality "1"]
[WhiteTeam "Coimbra"]
[BlackTeam "Portugal/Atlantidiagonal"]
[WhiteTeamCountry "POR"]
[BlackTeamCountry "POR"]

1. Nf3 d5 2. g3 c5 3. Bg2 Nc6 4. d3 e5 5. Nbd2 Bd6 6. e4 d4 7. 0-0 Bg4 8. h3 Be6 9. c3 f6 10. cxd4 cxd4 11. Nc4 Nge7 12. Nxd6+ Qxd6 13. Nd2 0-0 14. f4 b5 15. Nf3 Rac8 16. Bd2 a5 17. a3 a4 18. Rc1 Ng6 19. f5 Bb3 20. Qe1 Nge7 21. h4 Rb8 22. g4 b4 23. g5 bxa3 24. bxa3 Qxa3 25. gxf6 gxf6 26. Bh6 Rf7 27. Nd2 Kh8 28. Bf3 Ng8 29. Rxc6 Nxh6 30. Bh5 Rg7+ 31. Kh1 Qe7 32. Qc1 Ng4 33. Qc5 Qxc5 34. Rxc5 Bf7 35. Bxf7 Rxf7 36. Nc4 h5 37. Ra5 Rb3 38. Rxa4 Rxd3 39. Ra8+ Kh7 40. Ra3 Rxa3 41. Nxa3 Rc7 42. Rf3 Rc1+ 43. Kg2 Re1 44. Rb3 Rxe4 45. Rb7+ Kh6 46. Nb5 Ne3+ 0-1

[Event "Lisbon Portugal op"]
[Site "Lisbon"]
[Date "2017.02.10"]
[Round "9"]
[White "Fernandez Vazquez, Jorge"]
[Black "Diogo, Vasco Andre Marcalo"]
[Result "1-0"]
[WhiteElo "1995"]
[BlackElo "2241"]
[PlyCount "93"]
[EventDate "2017.02.04"]
[EventType "swiss"]
[EventRounds "9"]
[EventCountry "POR"]
[SourceTitle "CBM 176 Extra"]
[Source "ChessBase"]
[SourceDate "2017.03.02"]
[SourceVersion "1"]
[SourceVersionDate "2017.03.02"]
[SourceQuality "1"]

1. d4 Nf6 2. c4 e5 3. dxe5 Ng4 4. e3 Nxe5 5. Nh3 Bb4+ 6. Bd2 Bxd2+ 7. Qxd2 d6 8. Nf4 Bf5 9. Be2 Nbd7 10. 0-0 0-0 11. Nc3 Nc5 12. Rfd1 Qg5 13. Kh1 Rad8 14. Nb5 c6 15. Nxd6 Bg6 16. b4 Rxd6 17. Qxd6 Ne4 18. Nh3 Qf5 19. Qe7 h6 20. Rd8 Rxd8 21. Qxd8+ Kh7 22. f3 Nc3 23. e4 Qh5 24. Nf4 Qg5 25. Qxg5 hxg5 26. Nxg6 Kxg6 27. Bf1 Kf6 28. a3 b6 29. Rc1 Na4 30. Kg1 c5 31. Kf2 Nc6 32. bxc5 Nxc5 33. Rd1 Ke6 34. Ke3 g6 35. g3 f5 36. exf5+ gxf5 37. h4 gxh4 38. gxh4 Ne5 39. Be2 Ng6 40. h5 f4+ 41. Kd4 Nh4 42. Kc3 Nf5 43. Bd3 Ng3 44. Re1+ Kf6 45. h6 Nxd3 46. Kxd3 Kg6 47. h7 1-0

[Event "Lisbon Portugal op"]
[Site "Lisbon"]
[Date "2017.02.09"]
[Round "8"]
[White "Diogo, Vasco Andre Marcalo"]
[Black "Santos, Joao Artur Almeida"]
[Result "1/2-1/2"]
[WhiteElo "2241"]
[BlackElo "1977"]
[PlyCount "98"]
[EventDate "2017.02.04"]
[EventType "swiss"]
[EventRounds "9"]
[EventCountry "POR"]
[SourceTitle "CBM 176 Extra"]
[Source "ChessBase"]
[SourceDate "2017.03.02"]
[SourceVersion "1"]
[SourceVersionDate "2017.03.02"]
[SourceQuality "1"]

1. e4 e5 2. Nf3 Nf6 3. Nxe5 d6 4. Nf3 Nxe4 5. Nc3 Nxc3 6. dxc3 Nc6 7. Bf4 Be7 8. Bd3 Be6 9. Qd2 a6 10. 0-0 0-0 11. Rfe1 Bf6 12. Ng5 Bxg5 13. Bxg5 Qd7 14. Qf4 Ne5 15. Qg3 f6 16. Bf4 Nxd3 17. Qxd3 Bf5 18. Qd5+ Kh8 19. Re2 b6 20. h4 Rae8 21. Rae1 Bg6 22. h5 Bf7 23. Qf3 h6 24. Bxh6 gxh6 25. Qxf6+ Kg8 26. Re7 Rxe7 27. Rxe7 Qg4 28. Qxh6 Qd1+ 29. Kh2 Qxh5+ 30. Qxh5 Bxh5 31. f3 Rf7 32. Re2 Kf8 33. g4 Bg6 34. Kg3 Re7 35. Rh2 Rh7 36. Rf2 Kf7 37. f4 Kf6 38. f5 Bf7 39. Kf4 Rh4 40. Re2 Bh5 41. Rg2 Bxg4 42. Rxg4 Rh2 43. Rg8 Rxc2 44. Rc8 Rxb2 45. Rxc7 Rf2+ 46. Ke4 Rxf5 47. Rc6 Re5+ 48. Kd4 Ke6 49. Rxb6 Ra5 1/2-1/2

[Event "Lisbon Portugal op"]
[Site "Lisbon"]
[Date "2017.02.08"]
[Round "7"]
[White "Cruz, Jorge Filipe Egas"]
[Black "Diogo, Vasco Andre Marcalo"]
[Result "1-0"]
[WhiteElo "2072"]
[BlackElo "2241"]
[PlyCount "115"]
[EventDate "2017.02.04"]
[EventType "swiss"]
[EventRounds "9"]
[EventCountry "POR"]
[SourceTitle "CBM 176 Extra"]
[Source "ChessBase"]
[SourceDate "2017.03.02"]
[SourceVersion "1"]
[SourceVersionDate "2017.03.02"]
[SourceQuality "1"]

1. e4 c5 2. Nf3 Nc6 3. d4 cxd4 4. Nxd4 e5 5. Nb5 a6 6. Nd6+ Bxd6 7. Qxd6 Qf6 8. Qa3 Qg6 9. f3 d5 10. Nc3 Nge7 11. Bd2 dxe4 12. Nxe4 0-0 13. 0-0-0 Bf5 14. Bd3 h5 15. h3 h4 16. Rhg1 Rfd8 17. g4 hxg3 18. Rxg3 Rxd3 19. cxd3 Qe6 20. Kb1 Nd4 21. Bg5 Nd5 22. Qd6 Qxd6 23. Nxd6 Be6 24. Rd2 Kh7 25. Rdg2 Nb4 26. Be3 Bxa2+ 27. Kc1 g6 28. Bxd4 exd4 29. Kd2 Rd8 30. Nxb7 Rb8 31. Na5 Nd5 32. Kc1 Ne3 33. Re2 Rc8+ 34. Nc4 Bxc4 35. dxc4 Rxc4+ 36. Kb1 Kg7 37. Rg1 Rc6 38. Rd2 Nf5 39. Rc1 Rb6 40. Rc5 Rb3 41. Ra5 Rxf3 42. Rxa6 Rxh3 43. b4 Rh8 44. b5 Rb8 45. b6 g5 46. Kc2 g4 47. Kd3 g3 48. Rg2 Kg6 49. b7+ Kg5 50. Rb6 Kg4 51. Ra2 Ne7 52. Kxd4 f5 53. Ke5 f4 54. Ra8 Nc6+ 55. Rxc6 Rxb7 56. Rg8+ Kf3 57. Rc3+ Kf2 58. Kxf4 1-0

[Event "Lisbon Portugal op"]
[Site "Lisbon"]
[Date "2017.02.06"]
[Round "5"]
[White "Rocha, Sergio MC"]
[Black "Diogo, Vasco Andre Marcalo"]
[Result "1/2-1/2"]
[WhiteElo "2378"]
[BlackElo "2241"]
[PlyCount "80"]
[EventDate "2017.02.04"]
[EventType "swiss"]
[EventRounds "9"]
[EventCountry "POR"]
[SourceTitle "CBM 176 Extra"]
[Source "ChessBase"]
[SourceDate "2017.03.02"]
[SourceVersion "1"]
[SourceVersionDate "2017.03.02"]
[SourceQuality "1"]

1. d4 d5 2. c4 c6 3. Nf3 Nf6 4. Nc3 a6 5. e3 b5 6. b3 Bg4 7. h3 Bxf3 8. gxf3 Nbd7 9. f4 b4 10. Ne2 Ne4 11. Ng3 Ndf6 12. Bd3 Nc3 13. Qc2 h5 14. h4 e6 15. Bd2 c5 16. Bxc3 bxc3 17. Qxc3 cxd4 18. exd4 Qb8 19. c5 Qxf4 20. Ne2 Qc7 21. b4 Be7 22. 0-0-0 Ng4 23. Rdf1 Nh2 24. Rfg1 Kf8 25. Bc2 Ng4 26. Rg2 e5 27. f3 exd4 28. Nxd4 Ne5 29. Rg5 Bf6 30. Rf5 Rh6 31. Ne2 Nc4 32. Qd3 Re8 33. Nf4 Ne3 34. Nxd5 Nxd5 35. Qxd5 Rd8 36. Qe4 Rd4 37. Qa8+ Rd8 38. Qe4 Rd4 39. Qa8+ Rd8 40. Qe4 Rd4 1/2-1/2

[Event "Portuguese Masters"]
[Site "Lisbon"]
[Date "2017.01.22"]
[Round "9"]
[White "Diogo, Vasco Andre Marcalo"]
[Black "Santos, Antonio Pereira"]
[Result "1-0"]
[WhiteElo "2214"]
[BlackElo "2264"]
[PlyCount "89"]
[EventDate "2017.01.15"]
[EventType "tourn"]
[EventRounds "9"]
[EventCountry "POR"]
[EventCategory "2"]
[SourceTitle "CBM 176 Extra"]
[Source "ChessBase"]
[SourceDate "2017.03.02"]
[SourceVersion "1"]
[SourceVersionDate "2017.03.02"]
[SourceQuality "1"]

1. e4 c5 2. Nf3 Nc6 3. d4 cxd4 4. Nxd4 Nf6 5. Nc3 e5 6. Ndb5 d6 7. Bg5 a6 8. Na3 b5 9. Bxf6 gxf6 10. Nd5 Bg7 11. Bd3 Be6 12. 0-0 0-0 13. Qh5 Re8 14. c4 Nd4 15. Rfe1 f5 16. exf5 Bxd5 17. cxd5 Qf6 18. Be4 Rac8 19. Rad1 Rc7 20. Nb1 b4 21. Nd2 Bh6 22. Nf3 Nxf3+ 23. Qxf3 a5 24. g3 Rec8 25. h4 Bc1 26. Qe2 Rc5 27. Kg2 a4 28. Bd3 a3 29. bxa3 bxa3 30. Qg4+ Qg7 31. Qb4 Bb2 32. Re4 Qf6 33. Rg4+ Kf8 34. Ba6 Ra8 35. Qb7 Qd8 36. Rb4 Kg7 37. f6+ Kxf6 38. Rd3 Rc7 39. Qb6 Rc5 40. Rf3+ Ke7 41. Qb7+ Rc7 42. Qb5 Rc3 43. Rf5 Ra7 44. Qe2 Qg8 45. Rxe5+ 1-0

[Event "Portuguese Masters"]
[Site "Lisbon"]
[Date "2017.01.21"]
[Round "8"]
[White "Rego, Pedro Filipe"]
[Black "Diogo, Vasco Andre Marcalo"]
[Result "1-0"]
[WhiteElo "2186"]
[BlackElo "2214"]
[PlyCount "99"]
[EventDate "2017.01.15"]
[EventType "tourn"]
[EventRounds "9"]
[EventCountry "POR"]
[EventCategory "2"]
[SourceTitle "CBM 176 Extra"]
[Source "ChessBase"]
[SourceDate "2017.03.02"]
[SourceVersion "1"]
[SourceVersionDate "2017.03.02"]
[SourceQuality "1"]

1. e4 c5 2. Nf3 d6 3. d4 cxd4 4. Nxd4 Nf6 5. Nc3 a6 6. Be3 e5 7. Nb3 Be6 8. Be2 Nbd7 9. Qd3 b5 10. Nd5 Bxd5 11. exd5 Nb6 12. Bxb6 Qxb6 13. a4 b4 14. a5 Qb7 15. 0-0 Be7 16. Nd2 0-0 17. Nc4 Nd7 18. Qd2 Ra7 19. b3 Rb8 20. Rad1 Qc7 21. Qe3 Qc5 22. Qxc5 Nxc5 23. f3 g6 24. g3 Re8 25. g4 Rd7 26. Nb6 Rc7 27. Nc4 Kg7 28. Bd3 Rcc8 29. Rfe1 Rcd8 30. Nb6 Bh4 31. Re2 Bg5 32. Kg2 Rf8 33. Na4 Nxd3 34. Rxd3 f5 35. gxf5 gxf5 36. c3 Rg8 37. cxb4 Kf6 38. Kf1 Rc8 39. Rc3 Rxc3 40. Nxc3 Rb8 41. b5 axb5 42. a6 Ra8 43. Ra2 b4 44. Nb5 Ke7 45. a7 Be3 46. Rg2 Kf6 47. Ra2 Bc5 48. Ra6 Kg5 49. Ke2 Kf4 50. Nc7 1-0

[Event "Portuguese Masters"]
[Site "Lisbon"]
[Date "2017.01.16"]
[Round "3"]
[White "Diogo, Vasco Andre Marcalo"]
[Black "Galego, Luis"]
[Result "1/2-1/2"]
[WhiteElo "2214"]
[BlackElo "2484"]
[PlyCount "160"]
[EventDate "2017.01.15"]
[EventType "tourn"]
[EventRounds "9"]
[EventCountry "POR"]
[EventCategory "2"]
[SourceTitle "CBM 176 Extra"]
[Source "ChessBase"]
[SourceDate "2017.03.02"]
[SourceVersion "1"]
[SourceVersionDate "2017.03.02"]
[SourceQuality "1"]

1. e4 c5 2. Nf3 e6 3. d3 Nc6 4. g3 d5 5. Nbd2 Bd6 6. Bg2 Nge7 7. 0-0 0-0 8. Re1 Bc7 9. c3 b5 10. a3 d4 11. cxd4 cxd4 12. h4 e5 13. Nf1 a5 14. h5 a4 15. Bd2 Na5 16. Bxa5 Bxa5 17. Nxe5 Bxe1 18. Qxe1 f6 19. Nf3 Nc6 20. Rc1 Ne5 21. Qd2 Qd6 22. Nh4 Ra7 23. h6 g5 24. Nf3 Nxf3+ 25. Bxf3 Be6 26. Nh2 Rc7 27. Re1 Qd7 28. e5 Rc5 29. Re4 Kh8 30. exf6 Rxf6 31. Bg4 Rxh6 32. Qb4 Rc8 33. Bxe6 Rxe6 34. Rxe6 Qxe6 35. Qxd4+ Kg8 36. Ng4 Rf8 37. Ne5 h5 38. Qe3 Qf5 39. d4 Kh7 40. Qe2 g4 41. Kg2 Kg7 42. Kg1 Rc8 43. Nd3 Qd5 44. Nc5 Kg8 45. Qd3 Qf7 46. Qxb5 Re8 47. Nd3 Re2 48. Qg5+ Kh7 49. d5 Re4 50. Nf4 Re1+ 51. Kg2 Rd1 52. Qe5 Rd2 53. Qe4+ Kg8 54. Qxa4 Rxb2 55. Qd4 Rb1 56. Qe4 Rb2 57. Qe5 Rd2 58. a4 Ra2 59. Qb8+ Qf8 60. Qb3 Qa3 61. Qb8+ Kf7 62. Qc7+ Kg8 63. Qd8+ Kf7 64. Qd7+ Qe7 65. Qf5+ Kg8 66. Ne6 Qf7 67. Qg5+ Kh7 68. Nf4 Rxa4 69. Qe5 Ra2 70. Qe4+ Kg8 71. Qd4 Qa7 72. Qxa7 Rxa7 73. Nxh5 Kf7 74. Nf4 Kf6 75. Kf1 Ra2 76. Ng2 Ra1+ 77. Ke2 Ra2+ 78. Ke1 Ra1+ 79. Ke2 Ra2+ 80. Ke1 Ra1+ 1/2-1/2

[Event "Portuguese Masters"]
[Site "Lisbon"]
[Date "2017.01.15"]
[Round "2"]
[White "Fernandes, Antonio ETG"]
[Black "Diogo, Vasco Andre Marcalo"]
[Result "1-0"]
[WhiteElo "2450"]
[BlackElo "2214"]
[PlyCount "139"]
[EventDate "2017.01.15"]
[EventType "tourn"]
[EventRounds "9"]
[EventCountry "POR"]
[EventCategory "2"]
[SourceTitle "CBM 176 Extra"]
[Source "ChessBase"]
[SourceDate "2017.03.02"]
[SourceVersion "1"]
[SourceVersionDate "2017.03.02"]
[SourceQuality "1"]

1. e4 c5 2. Nf3 d6 3. d4 cxd4 4. Qxd4 Nc6 5. Bb5 Qa5+ 6. Nc3 Qxb5 7. Nxb5 Nxd4 8. Nfxd4 Kd8 9. c4 Nf6 10. f3 a6 11. Nc3 e5 12. Nc2 Be6 13. b3 Be7 14. Be3 Rc8 15. a4 Nd7 16. 0-0-0 Ke8 17. Kb2 f6 18. Nb4 Kf7 19. Nbd5 Bd8 20. Rd2 Re8 21. Rhd1 Kg8 22. Rc2 f5 23. exf5 Bxf5 24. Ne4 Bxe4 25. fxe4 Rf8 26. Re2 Rf7 27. Bd2 Nc5 28. Bb4 g6 29. Ne3 Be7 30. Bxc5 Rxc5 31. Nd5 Bh4 32. Rc2 Kg7 33. Rdd2 Rc8 34. Nb6 Rc6 35. Nd5 Rc8 36. b4 Rcf8 37. Nb6 Be1 38. Rxd6 Bxb4 39. c5 Ba5 40. Rd5 Re8 41. Nc4 Bc7 42. Nd6 Bxd6 43. cxd6 Rd8 44. Rc7 Kf6 45. d7 Ke6 46. Rxb7 Rfxd7 47. Rbxd7 Rxd7 48. Ra5 Rd6 49. Kc3 h5 50. h4 Kf6 51. Rc5 Ke6 52. a5 Kf6 53. Rc8 Ke6 54. Rg8 Kf7 55. Rb8 Rc6+ 56. Kb4 Ke6 57. Rb7 Rc2 58. Rb6+ Kf7 59. Rxa6 Rxg2 60. Rb6 Re2 61. a6 Ra2 62. Kc5 g5 63. hxg5 h4 64. Rh6 h3 65. Rxh3 Rxa6 66. Rh7+ Kf8 67. Kd5 Rg6 68. Rh5 Kg7 69. Kxe5 Ra6 70. Rh6 1-0

[Event "POR-ch"]
[Site "Barcelos"]
[Date "2016.10.09"]
[Round "9"]
[White "Diogo, Vasco Andre Marcalo"]
[Black "Ferreira, Luis Pedro Oliveira"]
[Result "1/2-1/2"]
[WhiteElo "2238"]
[BlackElo "2144"]
[PlyCount "111"]
[EventDate "2016.10.02"]
[EventType "tourn"]
[EventRounds "9"]
[EventCountry "POR"]
[EventCategory "4"]
[SourceTitle "EXT 2017"]
[Source "ChessBase"]
[SourceDate "2016.10.25"]
[SourceVersion "1"]
[SourceVersionDate "2016.10.25"]
[SourceQuality "1"]

1. e4 e6 2. d4 d5 3. c4 dxe4 4. Nc3 Nf6 5. Be3 b6 6. Qc2 Bb7 7. 0-0-0 Bd6 8. Nge2 Na6 9. a3 Qe7 10. Ng3 0-0-0 11. c5 bxc5 12. Ngxe4 Nxe4 13. Nxe4 cxd4 14. Rxd4 f5 15. Nxd6+ Rxd6 16. Rc4 Rhd8 17. Be2 g6 18. h4 Bxg2 19. Bg5 Qd7 20. Re1 Bd5 21. Bxd8 Bxc4 22. Bxc4 Kxd8 23. Qc3 Qc6 24. Qh8+ Kd7 25. Qxh7+ Kc8 26. Qh8+ Kb7 27. Qc3 Nc5 28. f3 Nd3+ 29. Bxd3 Qxc3+ 30. bxc3 Rxd3 31. Rxe6 Rxc3+ 32. Kb2 Rc6 33. Re5 Kb6 34. Kb3 Rd6 35. Kc4 c6 36. a4 a5 37. Re8 Rd1 38. Rb8+ Kc7 39. Rg8 Rf1 40. Kc5 Rc1+ 41. Kd4 Ra1 42. Kc5 Rxa4 43. Rg7+ Kd8 44. Rxg6 Rxh4 45. Rxc6 Ke7 46. Kd5 Rb4 47. Ra6 Rb5+ 48. Kc4 Re5 49. Kd4 Re6 50. Rxa5 Kf6 51. f4 Re4+ 52. Kd3 Rxf4 53. Ke3 Rb4 54. Ra8 Re4+ 55. Kf3 Re6 56. Kf4 1/2-1/2

[Event "POR-ch"]
[Site "Barcelos"]
[Date "2016.10.07"]
[Round "7"]
[White "Diogo, Vasco Andre Marcalo"]
[Black "Damaso, Rui"]
[Result "1-0"]
[WhiteElo "2238"]
[BlackElo "2437"]
[PlyCount "79"]
[EventDate "2016.10.02"]
[EventType "tourn"]
[EventRounds "9"]
[EventCountry "POR"]
[EventCategory "4"]
[SourceTitle "EXT 2017"]
[Source "ChessBase"]
[SourceDate "2016.10.25"]
[SourceVersion "1"]
[SourceVersionDate "2016.10.25"]
[SourceQuality "1"]

1. e4 c5 2. Nf3 d6 3. d4 cxd4 4. Nxd4 Nf6 5. Nc3 Nc6 6. Be2 g6 7. Be3 Bg7 8. 0-0 0-0 9. f4 Qb6 10. e5 dxe5 11. fxe5 Nxe5 12. Nf5 Qa5 13. Nxe7+ Kh8 14. Nxc8 Raxc8 15. Qd4 Nc6 16. Qh4 Rce8 17. Bg5 Nd5 18. Bc4 Nxc3 19. bxc3 Qxc3 20. Rad1 f5 21. Bb3 Re4 22. Rf4 Rxf4 23. Qxf4 Nd4 24. Qe3 Nxb3 25. Qxc3 Bxc3 26. axb3 Kg7 27. Rd7+ Rf7 28. Bh6+ Kf6 29. Bg5+ Ke6 30. Rd3 Ba5 31. Kf1 Rd7 32. Rh3 h5 33. Ke2 Rd4 34. Be3 Re4 35. Kd3 a6 36. Rf3 Bd8 37. h3 g5 38. Rf1 g4 39. hxg4 Rxg4 40. Rh1 1-0

[Event "Portuguese Masters"]
[Site "Lisbon"]
[Date "2016.06.10"]
[Round "7"]
[White "Diogo, Vasco Andre Marcalo"]
[Black "Santos, Hugo Lima"]
[Result "1/2-1/2"]
[WhiteElo "2266"]
[BlackElo "2290"]
[PlyCount "147"]
[EventDate "2016.06.05"]
[EventType "tourn"]
[EventRounds "9"]
[EventCountry "POR"]
[EventCategory "3"]
[SourceTitle "CBM 172 Extra"]
[Source "ChessBase"]
[SourceDate "2016.06.21"]
[SourceVersion "1"]
[SourceVersionDate "2016.06.21"]
[SourceQuality "1"]

1. e4 e5 2. Nf3 Nf6 3. Nxe5 d6 4. Nf3 Nxe4 5. Nc3 Nf6 6. d4 d5 7. Bg5 Be7 8. Bd3 c6 9. 0-0 Nbd7 10. Re1 0-0 11. Nh4 Nb6 12. Qe2 Be6 13. Nf5 Bxf5 14. Bxf5 Re8 15. Qf3 Nc4 16. Re2 h6 17. Bh4 Nd6 18. Rae1 Bf8 19. Rxe8 Ndxe8 20. Nd1 Nd6 21. Bd3 Be7 22. Qe2 Kf8 23. f3 Qd7 24. g4 Re8 25. Ne3 Ng8 26. Bg3 Bg5 27. Qf2 Nc4 28. Bxc4 Bxe3 29. Rxe3 dxc4 30. Rxe8+ Kxe8 31. Qe2+ Qe6 32. Qxe6+ fxe6 33. Bh4 g5 34. Be1 Kf7 35. Bd2 Nf6 36. h4 Kg6 37. h5+ Kf7 38. Kf2 Nd5 39. Kg3 Kg7 40. f4 gxf4+ 41. Bxf4 Nb4 42. c3 Nd3 43. b3 cxb3 44. axb3 a5 45. Bc7 Nc1 46. Bxa5 Nxb3 47. Bc7 Nd2 48. Kf4 Kf6 49. Bd8+ Kf7 50. Bh4 b5 51. Be1 Nc4 52. Ke4 Kf6 53. Bh4+ Kf7 54. Bg3 Kf6 55. Bf4 Kg7 56. Kd3 Nb6 57. Ke4 Nc4 58. Bc1 Kh7 59. g5 hxg5 60. Bxg5 Kg7 61. Bc1 Kf7 62. Kf4 Kf6 63. Kg4 Nd6 64. Bg5+ Kf7 65. Kf4 Nc4 66. Bd8 Kg7 67. Kg5 Kf7 68. h6 Nd6 69. Bc7 Ne4+ 70. Kh5 Nf6+ 71. Kg5 Ne4+ 72. Kh5 Nf6+ 73. Kg5 Ne4+ 74. Kh5 1/2-1/2

[Event "Portuguese Masters"]
[Site "Lisbon"]
[Date "2016.06.10"]
[Round "8"]
[White "Rocha, Sergio MC"]
[Black "Diogo, Vasco Andre Marcalo"]
[Result "1-0"]
[WhiteElo "2388"]
[BlackElo "2266"]
[PlyCount "61"]
[EventDate "2016.06.05"]
[EventType "tourn"]
[EventRounds "9"]
[EventCountry "POR"]
[EventCategory "3"]
[SourceTitle "CBM 172 Extra"]
[Source "ChessBase"]
[SourceDate "2016.06.21"]
[SourceVersion "1"]
[SourceVersionDate "2016.06.21"]
[SourceQuality "1"]

1. d4 Nf6 2. Nf3 g6 3. c4 Bg7 4. Nc3 0-0 5. Bg5 d6 6. e3 h6 7. Bh4 Nbd7 8. h3 e5 9. Be2 Re8 10. Qc2 c6 11. 0-0 Qe7 12. b4 g5 13. Bg3 e4 14. Nd2 c5 15. Nb5 cxd4 16. Nxd4 Nf8 17. Nb5 Rd8 18. c5 dxc5 19. bxc5 Nd5 20. Bd6 Qe8 21. Rab1 Bd7 22. Bc4 a6 23. Nd4 Nf6 24. Rxb7 Ng6 25. c6 Be6 26. Bxe6 fxe6 27. Bh2 g4 28. hxg4 Nxg4 29. Qxe4 Nxh2 30. Kxh2 Rac8 31. N2f3 1-0